00321nam a2200121Ia 4500008004100000100001500041245006200056260003000118300000800148650001900156942000700175999001700182190216s9999||||xx |||||||||||||| ||und|| aPublishers 0aReflections On The Transfer Of Power And Jawaharlal Nehru bCambridge Uty Pressc1968 a36p aIndian History cBK c21943d21943